[Event "MrDodgy Inv 3 GpA"]
[Site "chess24.com INT"]
[Date "2022.11.25"]
[Round "7.7"]
[White "Salgado Lopez, Ivan"]
[Black "Ten Hertog, Hugo"]
[Result "1-0"]
[WhiteTitle "GM"]
[BlackTitle "GM"]
[WhiteElo "2591"]
[BlackElo "2528"]
[WhiteFideId "2257327"]
[BlackFideId "1026356"]
[EventDate "2022.11.25"]

1. e4 g6 2. d4 Bg7 3. Nc3 d6 4. f4 a6 5. Nf3 b5 6. Bd3 Nd7 7. a4 b4 8. Ne2 c5 9.
c3 Bb7 10. O-O Ngf6 11. e5 Nd5 12. Ng5 Nf8 13. a5 cxd4 14. cxd4 Qd7 15. Bd2 h6
16. Ne4 Ne6 17. Qe1 O-O 18. Qg3 dxe5 19. fxe5 Ndc7 20. Nf6+ exf6 21. exf6 Nxd4
22. fxg7 Nxe2+ 23. Bxe2 Rfe8 24. Qf2 Kxg7 25. Qf6+ Kg8 26. Bxh6 Ne6 27. Rad1 Qe7
28. Qxe7 Rxe7 29. Bc4 Rc8 30. b3 Rxc4 31. bxc4 b3 32. Be3 Be4 33. Rd6 Rc7 34.
Rxa6 Rxc4 35. Rb6 Rc3 36. Re1 Rc2 37. Bf2 Bd5 38. a6 Nf4 39. a7 Ne2+ 40. Rxe2
Rxe2 41. Rxb3 Ra2 42. Rb1 Kg7 43. h3 Kf6 44. Re1 1-0

[Event "MrDodgy Inv 3 GpA"]
[Site "chess24.com INT"]
[Date "2022.11.25"]
[Round "7.8"]
[White "Jobava, Baadur"]
[Black "Mamedov, Rauf"]
[Result "0-1"]
[WhiteTitle "GM"]
[BlackTitle "GM"]
[WhiteElo "2578"]
[BlackElo "2646"]
[WhiteFideId "13601520"]
[BlackFideId "13401653"]
[EventDate "2022.11.25"]

1. e4 c5 2. c3 Nf6 3. e5 Nd5 4. Nf3 Nc6 5. g3 g6 6. Bg2 Bg7 7. O-O O-O 8. Na3 d6
9. exd6 exd6 10. d3 Nf6 11. Re1 h6 12. Nc2 Be6 13. d4 Qb6 14. b3 Rfe8 15. c4 Bf5
16. Ne3 Be4 17. dxc5 dxc5 18. Bb2 Rad8 19. Qe2 Bd3 20. Qd1 Nb4 21. Bc3 Bf1 22.
Qb1 Bxg2 23. Nxg2 Rxe1+ 24. Ngxe1 Qe6 25. Qb2 Qf5 26. Nh4 Qe6 27. Nhf3 g5 28. a3
Nc6 29. Ng2 Qf5 30. Qe2 Nd4 31. Bxd4 cxd4 32. Nd2 d3 33. Qf3 Qe5 34. Rd1 Qe2 35.
Ne3 g4 36. Qxb7 Re8 37. Ndf1 Ne4 38. Qc6 Qxf2+ 39. Kh1 Qf3+ 40. Kg1 Re6 41. Qc8+
Kh7 42. Rxd3 Ng5 43. h4 Nh3+ 44. Kh2 Qf2+ 45. Ng2 Qg1# 0-1

[Event "MrDodgy Inv 3 GpA"]
[Site "chess24.com INT"]
[Date "2022.11.25"]
[Round "8.1"]
[White "Rosen, Eric"]
[Black "Mamedov, Rauf"]
[Result "0-1"]
[WhiteTitle "IM"]
[BlackTitle "GM"]
[WhiteElo "2356"]
[BlackElo "2646"]
[WhiteFideId "2032562"]
[BlackFideId "13401653"]
[EventDate "2022.11.25"]

1. d4 d6 2. e4 Nf6 3. Nc3 e5 4. Nf3 exd4 5. Nxd4 g6 6. Bf4 Bg7 7. Qd2 Nc6 8. Bb5
Bd7 9. f3 O-O 10. Bxc6 bxc6 11. O-O c5 12. Nde2 Be6 13. Bh6 Re8 14. Bxg7 Kxg7
15. Rad1 Bc4 16. Rfe1 Bxe2 17. Nxe2 Qe7 18. Kh1 a5 19. a4 Qe5 20. b3 c4 21. bxc4
Rab8 22. Rb1 Nd7 23. Rb5 Nc5 24. Qxa5 Ra8 25. Qxc7 Rxa4 26. Rd1 Rxc4 27. Rxd6
Qa1+ 28. Ng1 Nxe4 29. Qb6 Rb8 30. fxe4 Rxb6 31. Rdxb6 Rxc2 32. Rb1 Qa2 33. Nf3
Rxg2 34. Rf1 Rf2 35. Rxf2 Qxf2 36. Rb3 Qe2 37. Ng1 Qxe4+ 38. Rf3 g5 39. h3 h5
40. Kh2 f5 41. Rf2 g4 42. hxg4 hxg4 43. Ne2 Qe3 44. Rg2 Kf6 45. Nf4 Qxf4+ 46.
Rg3 Kg5 47. Kg2 Qxg3+ 48. Kh1 Qa3 0-1

[Event "MrDodgy Inv 3 GpA"]
[Site "chess24.com INT"]
[Date "2022.11.25"]
[Round "8.2"]
[White "Ten Hertog, Hugo"]
[Black "Jobava, Baadur"]
[Result "0-1"]
[WhiteTitle "GM"]
[BlackTitle "GM"]
[WhiteElo "2528"]
[BlackElo "2578"]
[WhiteFideId "1026356"]
[BlackFideId "13601520"]
[EventDate "2022.11.25"]

1. e4 e6 2. d4 d5 3. Nc3 dxe4 4. Nxe4 Bd7 5. Nf3 Bc6 6. Bd3 Nd7 7. Ng3 Ngf6 8.
c3 g6 9. O-O Bg7 10. Qe2 O-O 11. Ne5 Nxe5 12. dxe5 Nd5 13. Bd2 a5 14. Rad1 Qe7
15. c4 Nb4 16. Bb1 Rfd8 17. a3 Na6 18. Bxa5 h5 19. Bc3 Nc5 20. Ne4 Na4 21. Nf6+
Bxf6 22. exf6 Nxc3 23. Qe5 Ne2+ 24. Kh1 Rxd1 25. Rxd1 Rd8 26. Bc2 Rxd1+ 27. Bxd1
Qd8 28. Qxe2 Qd4 29. b4 b6 30. f3 Qxf6 31. Qd3 Qa1 32. h3 Ba4 0-1

[Event "MrDodgy Inv 3 GpA"]
[Site "chess24.com INT"]
[Date "2022.11.25"]
[Round "8.3"]
[White "Williams, Simon K"]
[Black "Salgado Lopez, Ivan"]
[Result "0-1"]
[WhiteTitle "GM"]
[BlackTitle "GM"]
[WhiteElo "2467"]
[BlackElo "2591"]
[WhiteFideId "404454"]
[BlackFideId "2257327"]
[EventDate "2022.11.25"]

1. d4 e6 2. Nf3 Nf6 3. e3 b6 4. Bd3 Bb7 5. b3 c5 6. Bb2 cxd4 7. exd4 Be7 8. O-O
O-O 9. Re1 Re8 10. Nbd2 d6 11. c4 Nbd7 12. Rc1 Rc8 13. a3 d5 14. Bb1 Bf8 15. Ne5
dxc4 16. Ndxc4 b5 17. Nxd7 Qxd7 18. Ne3 Rxc1 19. Qxc1 a6 20. Qd1 Nd5 21. Qg4 f5
22. Qh3 Bd6 23. Nxd5 Bxd5 24. b4 Rc8 25. Qe3 Qc7 26. h4 Bf4 27. Qe2 Qf7 28. g3
Qg6 29. Kh2 Qh6 30. Kg1 Bd6 31. Bd3 f4 32. Bc1 Qf6 33. Be4 fxg3 34. Bxd5 gxf2+
35. Qxf2 Qxf2+ 36. Kxf2 exd5 37. Re6 Rd8 38. Bg5 Rd7 39. Re8+ Kf7 40. Ra8 h6 41.
Be3 Be7 42. h5 Rd6 43. Ra7 Ke6 44. Bf4 Rc6 45. Kf3 Bf6 46. Be3 Kf5 47. Rd7 Ke6
48. Ra7 Kf5 49. Rd7 Rc3 50. Rxd5+ Ke6 51. Rc5 Bxd4 52. Rxc3 Bxc3 53. Ke4 Bb2 54.
Bc5 Bxa3 55. Bf8 Bb2 56. Bc5 Bf6 57. Kf4 Be7 0-1

[Event "MrDodgy Inv 3 GpA"]
[Site "chess24.com INT"]
[Date "2022.11.25"]
[Round "8.4"]
[White "Plichta, Kamil"]
[Black "Adhiban, Baskaran"]
[Result "0-1"]
[WhiteTitle "FM"]
[BlackTitle "GM"]
[WhiteElo "2394"]
[BlackElo "2603"]
[WhiteFideId "1141830"]
[BlackFideId "5018471"]
[EventDate "2022.11.25"]

1. d4 e6 2. e4 d5 3. e5 c5 4. c3 Nc6 5. Nf3 Qb6 6. Bd3 cxd4 7. O-O Bd7 8. Re1
Nge7 9. h4 h6 10. h5 a6 11. a3 Rc8 12. b4 dxc3 13. Nxc3 Nd4 14. Bb2 Ndf5 15. Na4
Qa7 16. Nc5 Bb5 17. Bc2 b6 18. Nb3 Ba4 19. g4 g6 20. gxf5 gxf5 21. Rc1 Rc4 22.
Nbd4 Bxc2 23. Rxc2 b5 24. Qd3 Rg8+ 25. Kf1 Rg4 26. Rec1 Qb7 27. Nb3 Nc6 28. Nbd2
a5 29. Nxc4 bxc4 30. Qe3 axb4 31. axb4 Nxb4 32. Re2 Nd3 33. Rcc2 Bc5 34. Qd2 d4
35. Qxh6 Qxf3 36. Qh8+ Kd7 0-1

[Event "MrDodgy Inv 3 GpA"]
[Site "chess24.com INT"]
[Date "2022.11.25"]
[Round "8.5"]
[White "Grischuk, Alexander"]
[Black "Supi, Luis Paulo"]
[Result "0-1"]
[WhiteTitle "GM"]
[BlackTitle "GM"]
[WhiteElo "2745"]
[BlackElo "2612"]
[WhiteFideId "4126025"]
[BlackFideId "2106388"]
[EventDate "2022.11.25"]

1. Nf3 d5 2. g3 Nd7 3. Bg2 Nb6 4. O-O Bf5 5. a4 a5 6. d3 e6 7. Nc3 Nf6 8. Nh4
Bg4 9. h3 Bh5 10. g4 Bg6 11. f4 d4 12. Nb1 Nfd5 13. Qe1 Be7 14. Nxg6 hxg6 15.
Qf2 Bc5 16. c3 Ne3 17. Bxe3 dxe3 18. Qf3 Nd5 19. f5 O-O 20. d4 Bd6 21. Na3 gxf5
22. gxf5 Qg5 23. Nc4 Bg3 24. Qg4 Bf2+ 25. Kh1 Qxg4 26. hxg4 Nf4 27. Bxb7 Rab8
28. Bf3 exf5 29. gxf5 g5 30. Kh2 Kg7 31. Rxf2 Rh8+ 32. Kg3 Rh3+ 33. Kg4 Kf6 34.
Nxe3 Rbh8 0-1

[Event "MrDodgy Inv 3 GpA"]
[Site "chess24.com INT"]
[Date "2022.11.25"]
[Round "8.8"]
[White "Van Foreest, Jorden"]
[Black "Carlsen, Magnus"]
[Result "0-1"]
[WhiteTitle "GM"]
[BlackTitle "GM"]
[WhiteElo "2690"]
[BlackElo "2859"]
[WhiteFideId "1039784"]
[BlackFideId "1503014"]
[EventDate "2022.11.25"]

1. Nc3 Nc6 2. d4 d5 3. e4 Nf6 4. e5 Nd7 5. f4 Nb6 6. h3 h5 7. Nf3 Bf5 8. Bd3
Bxd3 9. Qxd3 e6 10. f5 Nb4 11. Qb5+ Qd7 12. Qxd7+ Kxd7 13. fxe6+ fxe6 14. Kd1 c5
15. Ne2 cxd4 16. Nexd4 Bc5 17. b3 Rhf8 18. Be3 Nc6 19. c3 Nc8 20. Ke2 Bxd4 21.
cxd4 N8e7 22. g4 Rac8 23. Rac1 Nb4 24. Bd2 Nxa2 25. Rxc8 Rxc8 26. Ra1 hxg4 27.
hxg4 Nc3+ 28. Bxc3 Rxc3 29. Rxa7 Rxb3 30. Ra8 Nc8 31. Ng5 Rb6 32. Nh7 Kc7 33.
Nf8 Rc6 34. Ra1 Ne7 35. Rf1 Kd8 36. Rf7 Ke8 37. Rf1 b5 38. Nh7 Rc4 39. Rf8+ Kd7
40. Rb8 Nc6 41. Rb7+ Kc8 42. Rxg7 b4 43. Rf7 b3 44. Rf1 b2 45. Rb1 Rc2+ 46. Kd3
Rg2 47. Ke3 Na5 48. Kf3 Rh2 49. Nf8 Nc4 50. Kg3 Na3 51. Rxb2 Rxb2 52. Nxe6 Kd7
53. Nf4 Rb4 54. e6+ Kd6 55. e7 Rb8 56. Ng6 Nb5 57. g5 Nxd4 0-1

[Event "MrDodgy Inv 3 GpA"]
[Site "chess24.com INT"]
[Date "2022.11.25"]
[Round "9.1"]
[White "Carlsen, Magnus"]
[Black "Rosen, Eric"]
[Result "1-0"]
[WhiteTitle "GM"]
[BlackTitle "IM"]
[WhiteElo "2859"]
[BlackElo "2356"]
[WhiteFideId "1503014"]
[BlackFideId "2032562"]
[EventDate "2022.11.25"]

1. e3 d5 2. c4 e6 3. Nf3 Nf6 4. Nc3 Bd6 5. g4 h6 6. Rg1 Ne4 7. cxd5 exd5 8. Nxe4
dxe4 9. Qa4+ Nc6 10. Qxe4+ Be6 11. Bc4 Qe7 12. Bxe6 fxe6 13. d4 O-O-O 14. Bd2
Rhf8 15. O-O-O Kb8 16. Rg2 Qf7 17. Ne1 e5 18. d5 Ne7 19. Bc3 Qg6 20. Qxg6 Nxg6
21. Rd2 Rf7 22. f3 Nh4 23. Rg3 Rdf8 24. Rf2 e4 25. f4 g5 26. Rh3 Bc5 27. Nc2 Rd7
28. b4 Bb6 29. a4 a6 30. a5 Ba7 31. fxg5 Rxf2 32. Rxh4 Bxe3+ 33. Nxe3 hxg5 34.
Rh5 b6 35. Be5 bxa5 36. bxa5 Re2 37. Bd4 c5 38. Bxc5 Rc7 39. Kd1 Ra2 40. Bd6
Rxa5 41. Rxg5 Kb7 42. Bxc7 Kxc7 43. d6+ Kb6 44. Rxa5 1-0

[Event "MrDodgy Inv 3 GpA"]
[Site "chess24.com INT"]
[Date "2022.11.25"]
[Round "9.2"]
[White "Pichot, Alan"]
[Black "Van Foreest, Jorden"]
[Result "1-0"]
[WhiteTitle "GM"]
[BlackTitle "GM"]
[WhiteElo "2637"]
[BlackElo "2690"]
[WhiteFideId "110973"]
[BlackFideId "1039784"]
[EventDate "2022.11.25"]

1. e4 c6 2. d4 d5 3. e5 Bf5 4. h4 c5 5. dxc5 Nc6 6. Bb5 Qc7 7. Ne2 e6 8. Be3
Qxe5 9. c3 Qc7 10. Nd2 Nf6 11. Nb3 a6 12. Bxc6+ bxc6 13. Nbd4 Bg6 14. Qa4 Rc8
15. Qxa6 e5 16. Nf3 Ng4 17. h5 Bf5 18. b4 Nxe3 19. fxe3 Be7 20. Qb6 f6 21. Qxc7
Rxc7 22. a4 Kd7 23. a5 Bd3 24. Kd2 Ba6 25. Ne1 Ke6 26. Nd3 f5 27. g4 Rf8 28.
Raf1 Bg5 29. gxf5+ Rxf5 30. Rxf5 Kxf5 31. Rf1+ Ke6 32. Rf8 Rc8 33. Rf2 Rc7 34.
Rf8 Rc8 35. Rf2 Rg8 36. Rg2 Bh6 37. Nf2 Rd8 38. Ng4 Rf8 39. Nxh6 gxh6 40. Nc1
Rf5 41. Rg7 Rxh5 42. Ra7 Rh2+ 43. Kd1 Bb5 44. a6 Ba4+ 45. Ke1 Rh1+ 46. Kf2 Rxc1
47. Re7+ Kxe7 48. a7 Rc2+ 49. Kg3 Rxc3 50. a8=Q Rxe3+ 51. Kf2 Ra3 52. Qb7+ Kf6
53. Qxh7 d4 54. Qxh6+ Kf5 55. Qh5+ Ke6 56. Qg6+ Kd5 57. Qf7+ Ke4 58. Ke1 Re3+
59. Kd2 Rd3+ 60. Kc1 Rc3+ 61. Kb2 Bb5 62. Qg6+ Kd5 63. Qf7+ Ke4 64. Qh7+ Ke3 65.
Qh3+ Kd2 66. Qg2+ Be2 67. Qg5+ Kd3 68. Qxe5 Rc2+ 69. Ka3 Rc3+ 70. Ka4 Bd1+ 71.
Ka5 Kc4 72. Qe6+ Kd3 73. Qxc6 Kc2 74. b5 d3 75. Qg6 Kc1 76. Qf6 Rc2 77. Qa1+ Kd2
78. c6 Bf3 79. Kb6 Ke2 80. Qe5+ Kd1 81. c7 Be2 82. Qg5 d2 83. Qg1+ Bf1 84. Qxf1# 1-0

[Event "MrDodgy Inv 3 GpA"]
[Site "chess24.com INT"]
[Date "2022.11.25"]
[Round "9.5"]
[White "Adhiban, Baskaran"]
[Black "Grischuk, Alexander"]
[Result "1/2-1/2"]
[WhiteTitle "GM"]
[BlackTitle "GM"]
[WhiteElo "2603"]
[BlackElo "2745"]
[WhiteFideId "5018471"]
[BlackFideId "4126025"]
[EventDate "2022.11.25"]

1. b3 d5 2. Bb2 Nf6 3. Nf3 Bf5 4. Nh4 Bd7 5. e3 c5 6. c4 e6 7. cxd5 exd5 8. Nf3
Nc6 9. Be2 Bd6 10. O-O O-O 11. d4 cxd4 12. Nxd4 Re8 13. Nd2 Nxd4 14. Bxd4 Rc8
15. Nf3 Ne4 16. Rc1 Qa5 17. a4 h6 18. h3 Bf5 19. Rxc8 Rxc8 20. Qa1 Nc3 21. Bxc3
Qxc3 22. Qxc3 Rxc3 23. Nd4 Bd7 24. Bg4 Bc6 25. Rb1 a5 26. Nxc6 bxc6 27. Kf1 g6
28. g3 Kf8 29. Bd1 Ke7 30. Ke2 Bb4 31. Rb2 c5 32. Rd2 Ke6 33. g4 f5 34. gxf5+
gxf5 35. Rc2 Rxb3 36. Rxc5 Rxe3+ 37. fxe3 Bxc5 38. Kf3 Ke5 39. Bc2 Be7 40. Bb1
Bg5 41. Bc2 f4 42. exf4+ Bxf4 43. Ke2 Kd4 44. Bd3 Bg5 45. Bb5 h5 46. Be8 h4 47.
Bd7 Be7 48. Be8 Ke4 49. Bg6+ Kd4 50. Bf7 Bd6 51. Be8 Bg3 52. Bd7 Kc4 53. Bb5+
Kc3 54. Bc6 Kd4 55. Bb7 Kc4 56. Bc6 Kd4 57. Bb7 Kc4 58. Bc6 Kd4 1/2-1/2

[Event "MrDodgy Inv 3 GpA"]
[Site "chess24.com INT"]
[Date "2022.11.25"]
[Round "9.6"]
[White "Salgado Lopez, Ivan"]
[Black "Plichta, Kamil"]
[Result "1/2-1/2"]
[WhiteTitle "GM"]
[BlackTitle "FM"]
[WhiteElo "2591"]
[BlackElo "2394"]
[WhiteFideId "2257327"]
[BlackFideId "1141830"]
[EventDate "2022.11.25"]

1. e4 e6 2. d4 d5 3. e5 c5 4. c3 Nc6 5. Nf3 Qb6 6. a3 Nh6 7. Bd3 cxd4 8. cxd4
Bd7 9. Bc2 Nf5 10. Bxf5 exf5 11. Nc3 Be6 12. h4 h6 13. Na4 Qb5 14. Nc3 Qb6 15.
Na4 Qb5 16. Nc3 Qb6 1/2-1/2

[Event "MrDodgy Inv 3 GpA"]
[Site "chess24.com INT"]
[Date "2022.11.25"]
[Round "9.7"]
[White "Jobava, Baadur"]
[Black "Williams, Simon K"]
[Result "1-0"]
[WhiteTitle "GM"]
[BlackTitle "GM"]
[WhiteElo "2578"]
[BlackElo "2467"]
[WhiteFideId "13601520"]
[BlackFideId "404454"]
[EventDate "2022.11.25"]

1. b3 e5 2. Bb2 Nc6 3. Nf3 e4 4. Nd4 Nf6 5. e3 d5 6. c4 dxc4 7. Nxc6 bxc6 8.
Bxc4 Bd6 9. Be2 O-O 10. Na3 Nd5 11. Nc4 Qg5 12. Kf1 Re8 13. h4 Qh6 14. Rc1 Bd7
15. a3 Rab8 16. Bd4 c5 17. Ba1 Nb6 18. Nxd6 cxd6 19. d4 exd3 20. Qxd3 Bc6 21.
Rh3 Be4 22. Qd1 Re6 23. h5 Rbe8 24. Rg3 f6 25. b4 cxb4 26. axb4 R6e7 27. Qxd6
Kh8 28. Kg1 Rd7 29. Qc5 Bd3 30. Bxd3 Rxd3 31. Qb5 Red8 32. Rf1 R3d5 33. Qe2 Rxh5
34. f4 Rh1+ 35. Kf2 Qh4 36. Bd4 Rc8 37. Rxh1 Qxh1 38. Bc5 Qb1 39. Qg4 Rc7 40.
Qe6 h6 41. f5 Rd7 42. Rg4 Rd2+ 43. Kg3 Rd8 44. Rxg7 Qe1+ 45. Kh3 Kxg7 46. Qe7+
Kg8 47. Qxd8+ Kf7 48. Qc7+ Kg8 49. Qb8+ Kf7 50. Qxa7+ Kg8 51. Qb8+ Kf7 52. Qc7+
Kg8 53. Bxb6 Qxb4 54. Qd8+ Kf7 55. Qd7+ Kg8 56. Bd4 Qb1 57. Qe6+ Kf8 58. Qxf6+
Ke8 59. Qe6+ Kd8 60. Bb6+ 1-0

[Event "MrDodgy Inv 3 GpA"]
[Site "chess24.com INT"]
[Date "2022.11.25"]
[Round "9.8"]
[White "Mamedov, Rauf"]
[Black "Ten Hertog, Hugo"]
[Result "1-0"]
[WhiteTitle "GM"]
[BlackTitle "GM"]
[WhiteElo "2646"]
[BlackElo "2528"]
[WhiteFideId "13401653"]
[BlackFideId "1026356"]
[EventDate "2022.11.25"]

1. e4 c6 2. Nf3 d5 3. e5 Bg4 4. Be2 e6 5. O-O c5 6. c4 Nc6 7. cxd5 Qxd5 8. Qa4
Bf5 9. Nc3 Qd7 10. Rd1 O-O-O 11. d3 Nge7 12. Be3 Ng6 13. d4 cxd4 14. Nb5 a6 15.
Nfxd4 axb5 16. Qa8+ Kc7 17. Nxb5# 1-0

[Event "MrDodgy Inv 3 GpA"]
[Site "chess24.com INT"]
[Date "2022.11.25"]
[Round "10.1"]
[White "Rosen, Eric"]
[Black "Ten Hertog, Hugo"]
[Result "1-0"]
[WhiteTitle "IM"]
[BlackTitle "GM"]
[WhiteElo "2356"]
[BlackElo "2528"]
[WhiteFideId "2032562"]
[BlackFideId "1026356"]
[EventDate "2022.11.25"]

1. d4 g6 2. e4 Bg7 3. Nf3 d6 4. Bc4 Nf6 5. Qe2 Nc6 6. c3 e5 7. h3 O-O 8. dxe5
Nxe5 9. Nxe5 dxe5 10. O-O Nh5 11. Rd1 Qh4 12. Nd2 Nf4 13. Qe3 Rd8 14. Qg3 Qh5
15. Re1 Bh6 16. Nf3 c6 17. a4 Rd6 18. Be3 Rf6 19. Nh2 Bg5 20. Ng4 Bxg4 21. Qxg4
Qxg4 22. hxg4 Rd6 23. Rad1 Rad8 24. Rxd6 Rxd6 25. Bxa7 Rd2 26. b3 Nd3 27. Bxd3
Rxd3 28. Be3 Be7 29. Rc1 Kf8 30. Kf1 Ba3 31. Rc2 Rd1+ 32. Ke2 Rb1 33. b4 Ke7 34.
Kd3 Ke6 35. Kc4 Rd1 36. Kb3 1-0

[Event "MrDodgy Inv 3 GpA"]
[Site "chess24.com INT"]
[Date "2022.11.25"]
[Round "10.2"]
[White "Williams, Simon K"]
[Black "Mamedov, Rauf"]
[Result "0-1"]
[WhiteTitle "GM"]
[BlackTitle "GM"]
[WhiteElo "2467"]
[BlackElo "2646"]
[WhiteFideId "404454"]
[BlackFideId "13401653"]
[EventDate "2022.11.25"]

1. d4 c5 2. d5 d6 3. Nc3 Nf6 4. e4 g6 5. h4 h5 6. Nf3 Bg7 7. Ng5 a6 8. a4 Nbd7
9. Be2 Rb8 10. O-O Ne5 11. f4 Neg4 12. f5 O-O 13. Qe1 Bd7 14. Nd1 b5 15. axb5
axb5 16. Ne3 Ne5 17. Qg3 c4 18. Kh1 Qb6 19. Bd2 Qd4 20. Bc3 Qc5 21. Bxe5 dxe5
22. fxg6 fxg6 23. c3 Ra8 24. Rxa8 Rxa8 25. Kh2 Ra2 26. Ne6 Bxe6 27. dxe6 Rxb2
28. Bxh5 gxh5 29. Nf5 Ng4+ 30. Kh3 Rf2 31. Rd1 Kh7 32. Rd7 Rf1 0-1

[Event "MrDodgy Inv 3 GpA"]
[Site "chess24.com INT"]
[Date "2022.11.25"]
[Round "10.3"]
[White "Plichta, Kamil"]
[Black "Jobava, Baadur"]
[Result "1-0"]
[WhiteTitle "FM"]
[BlackTitle "GM"]
[WhiteElo "2394"]
[BlackElo "2578"]
[WhiteFideId "1141830"]
[BlackFideId "13601520"]
[EventDate "2022.11.25"]

1. d4 d5 2. c4 dxc4 3. e4 Nf6 4. e5 Nd5 5. Bxc4 Bf5 6. Ne2 e6 7. O-O Nc6 8. Nbc3
Nb6 9. Bb5 Qd7 10. Be3 a6 11. Bd3 Bxd3 12. Qxd3 Nxe5 13. Qe4 Nec4 14. Qxb7 Bd6
15. b3 Nxe3 16. fxe3 O-O 17. Rac1 f5 18. Nf4 a5 19. Nd3 Rab8 20. Qf3 Qe7 21. Nb5
Nd5 22. Nxd6 cxd6 23. Nf4 Nf6 24. Rc6 g5 25. Nd3 Rbc8 26. Rfc1 Rxc6 27. Qxc6 Nd5
28. Re1 h5 29. a3 h4 30. b4 axb4 31. Nxb4 Nf6 32. a4 Ne4 33. a5 g4 34. a6 g3 35.
Nd3 gxh2+ 36. Kxh2 Qg7 37. Qc2 Ra8 38. Rg1 Kh7 39. g4 hxg3+ 40. Kg2 Kg8 41. Qc4
Qd7 42. Nf4 Kf7 43. Rb1 Rc8 44. Rb7 Rxc4 45. Rxd7+ Kf6 46. a7 Rc2+ 47. Kg1 Ra2
48. Rh7 Kg5 49. Rg7+ Kh4 50. Ng2+ Kh5 51. Nf4+ Kh6 52. Rg6+ Kh7 53. Rxe6 Ng5 54.
Re7+ Kh6 55. Kf1 Nf3 56. Re6+ Kh7 57. Re7+ Kh6 58. Re6+ Kg5 59. Rg6+ Kh4 60. Ne2
Nh2+ 61. Ke1 Nf3+ 62. Kf1 Rxa7 63. Rh6+ Kg5 64. Rxd6 Ra1+ 65. Kg2 Nh4+ 66. Kxg3
Ra2 67. Kf2 Ng6 68. Rd8 f4 69. Rg8 fxe3+ 70. Kxe3 Ra3+ 71. Ke4 Kf6 72. Nf4 Kf7
73. Rxg6 Ra1 74. Rg5 Rf1 75. Rf5+ Kg7 76. Kd5 Kh6 77. Rf6+ 1-0

[Event "MrDodgy Inv 3 GpA"]
[Site "chess24.com INT"]
[Date "2022.11.25"]
[Round "10.4"]
[White "Grischuk, Alexander"]
[Black "Salgado Lopez, Ivan"]
[Result "1-0"]
[WhiteTitle "GM"]
[BlackTitle "GM"]
[WhiteElo "2745"]
[BlackElo "2591"]
[WhiteFideId "4126025"]
[BlackFideId "2257327"]
[EventDate "2022.11.25"]

1. Nf3 b6 2. d4 Bb7 3. c4 e6 4. g3 Bb4+ 5. Bd2 Bxd2+ 6. Qxd2 Nf6 7. Bg2 O-O 8.
O-O d6 9. Qd3 Be4 10. Qe3 Bb7 11. Nc3 c5 12. Rfd1 Qe7 13. d5 e5 14. Nh4 g6 15.
f4 Nbd7 16. f5 Ng4 17. Qf3 Ndf6 18. e4 Kh8 19. h3 Nh6 20. Qe3 Nfg8 21. Rf1 gxf5
22. exf5 f6 23. g4 Qg7 24. Ne4 Nf7 25. a4 a6 26. b4 a5 27. b5 Rae8 28. Rae1 Bc8
29. Nf3 h6 30. Ng3 Ng5 31. Nd2 Rf7 32. Nh5 Qf8 33. h4 Nh7 34. Ne4 Bd7 35. Kf2
Bc8 36. Bf3 Bd7 37. Ke2 Bc8 38. Kd2 Bd7 39. Rf2 Bc8 40. Rg1 Bd7 41. Be2 Bc8 42.
Bd3 Bd7 43. Kc3 Bc8 44. Kb3 Bd7 45. g5 fxg5 46. hxg5 hxg5 47. Nxg5 Nxg5 48. Rxg5
e4 49. Nf4 Bxf5 50. Rxf5 Rxf5 51. Ng6+ Kg7 52. Nxf8 Rxf2 53. Qxf2 Rxf8 54. Qg3+
Kf7 55. Bxe4 Nf6 56. Bf5 Ke7 57. Be6 Re8 58. Qg7+ 1-0

[Event "MrDodgy Inv 3 GpA"]
[Site "chess24.com INT"]
[Date "2022.11.25"]
[Round "10.7"]
[White "Van Foreest, Jorden"]
[Black "Jones, Gawain C B"]
[Result "1-0"]
[WhiteTitle "GM"]
[BlackTitle "GM"]
[WhiteElo "2690"]
[BlackElo "2623"]
[WhiteFideId "1039784"]
[BlackFideId "409561"]
[EventDate "2022.11.25"]

1. e4 e5 2. Nf3 Nc6 3. Bc4 Nf6 4. d3 Bc5 5. Nc3 d6 6. Na4 Bb6 7. Nxb6 axb6 8.
O-O Na5 9. Re1 h6 10. a4 Nxc4 11. dxc4 Bg4 12. b3 Nd7 13. h3 Bh5 14. g4 Bg6 15.
Re3 Nc5 16. Qe2 Ne6 17. Rd3 Nc5 18. Re3 h5 19. g5 h4 20. Nh2 Qxg5+ 21. Kh1 Qe7
22. Bd2 Ne6 23. Rg1 Nf4 24. Qf1 Qd7 25. Ng4 Qc6 26. f3 Ne6 27. Re1 Bh5 28. Be3
f6 29. Qf2 Bxg4 30. hxg4 g5 31. Kh2 Kf7 32. Kh3 Rhd8 33. Rd1 Qe8 34. Rd5 Ra5 35.
Rd3 Qe7 36. Rgd1 Kg6 37. Kh2 Kg7 38. Bd2 Raa8 39. Bb4 Nf4 40. R3d2 Qe8 41. Qe3
Ne6 42. Rd5 Nf4 43. R5d2 Ne6 44. Bc3 Nf4 45. Qf2 Ne6 46. Re2 Qc6 47. Bd2 Nd4 48.
Re3 Nxc2 49. Rc3 Nd4 50. Be3 Ne6 51. Rcd3 Nc5 52. Rc3 Qe8 53. Rd5 Ne6 54. Rc1
Ra5 55. Rd2 Qe7 56. Rcd1 Raa8 57. Rd3 Rd7 58. Qb2 Rad8 59. Qa3 Nc5 60. R3d2 Qe6
61. Rg2 c6 62. Qb4 d5 63. Qxb6 d4 64. Bg1 Na6 65. Rd3 Kf7 66. Bf2 c5 67. Qxe6+
Kxe6 68. Be1 Rd6 69. Ba5 Rc8 70. Rb2 Kd7 71. Be1 Rdc6 72. Kg2 Ke6 73. Kh3 Rb6
74. Ba5 Rbc6 75. Kg2 Kd7 76. Kf1 Ke6 77. Kg1 Kd7 78. Kf1 Ke6 79. Bd2 Kd7 80. Be1
Ke6 81. Rh2 Kd7 82. Ke2 Ke6 83. Kd2 Nb4 84. Ke2 Nxd3 85. Kxd3 Kd7 86. Kc2 Ke6
87. Ba5 Ra8 88. Bd2 Kd7 89. Bc1 Rd6 90. Bb2 Kc6 91. Ba3 d3+ 92. Kd2 Rd4 93. Bb2
Rd7 94. Bc3 Ra6 95. Kc1 Rb6 96. Kb2 Ra6 97. Bd2 Ra8 98. Kc3 Ra6 99. Be3 Ra8 100.
b4 Ra6 101. b5+ Kb6 102. bxa6 bxa6 103. Rb2+ Kc6 104. Rd2 Rb7 105. Rxd3 Rb4 106.
Rd5 Rxa4 107. Rxc5+ Kb7 108. Kb3 Ra1 109. Bxg5 Rb1+ 110. Kc2 Rc1+ 111. Bxc1 Kb6
112. Rd5 Kb7 113. Rd1 Kc6 114. Rh1 Kc5 115. Rxh4 Kb4 116. Rh6 1-0

[Event "MrDodgy Inv 3 GpA"]
[Site "chess24.com INT"]
[Date "2022.11.25"]
[Round "10.8"]
[White "Carlsen, Magnus"]
[Black "Pichot, Alan"]
[Result "0-1"]
[WhiteTitle "GM"]
[BlackTitle "GM"]
[WhiteElo "2859"]
[BlackElo "2637"]
[WhiteFideId "1503014"]
[BlackFideId "110973"]
[EventDate "2022.11.25"]

1. h3 d5 2. Nf3 Nf6 3. d4 Bf5 4. c4 dxc4 5. Na3 e6 6. Nxc4 Nbd7 7. g4 Be4 8. Bg2
Be7 9. O-O O-O 10. Bf4 c5 11. Rc1 Nd5 12. Bg3 cxd4 13. Qxd4 Bg6 14. Nce5 Bf6 15.
Rfd1 Qb6 16. Qxb6 N7xb6 17. g5 Be7 18. Nxg6 hxg6 19. e4 Nb4 20. Rc7 Rfd8 21.
Rxd8+ Bxd8 22. Rxb7 Nd3 23. h4 Nc5 24. Rb8 Rxb8 25. Bxb8 a5 26. Nd4 Nba4 27. Ba7
Nd3 28. Nc6 Bc7 29. b3 Nc3 30. a4 Nc1 31. Nd4 Be5 32. Kf1 Bf4 33. Bf3 Nd3 34.
Bb6 Be5 35. Ne2 Nd1 36. Ng1 Nc3 37. Bxa5 Nc5 38. Bb6 Nxb3 39. a5 Na4 40. Bd1
Nd2+ 41. Kg2 Nxb6 42. axb6 Nc4 43. Nf3 Bf4 44. Be2 Nxb6 45. Bb5 Nc8 46. Kh3 Nd6
47. Bd3 Nb7 48. Kg4 Bd6 49. e5 Bc7 50. Kf4 Bb6 51. Kg3 Nc5 52. Bc2 Nd7 53. Ba4
Nc5 54. Bc2 Na6 55. Nh2 Nb4 56. Be4 Bc7 57. f4 Kf8 58. Kg4 Ke7 59. Nf3 Bb6 60.
h5 gxh5+ 61. Kxh5 g6+ 62. Kh6 Be3 63. Bxg6 fxg6 64. Nh4 Nd5 65. Nxg6+ Kf7 66.
Kh7 Bxf4 67. Nh8+ Ke8 68. g6 Bxe5 69. g7 Ne7 70. g8=Q+ Nxg8 71. Ng6 Nf6+ 72. Kg7
Nd7+ 73. Kh6 Bf6 74. Kh5 Kf7 75. Nf4 e5 76. Nd5 Ke6 77. Ne3 Be7 78. Kg4 Bc5 79.
Ng2 Nf6+ 80. Kf3 Kd5 81. Ke2 Ne4 82. Ne1 Nd6 83. Kd3 Bd4 84. Nc2 e4+ 85. Ke2 Be5
86. Ne1 Nf5 87. Nc2 Nd4+ 0-1